000 00407 a2200157 4500
001 154721
040 _cEscola São Tomás de Aquino
100 _aANDRADE, Everaldo de Oliveira
240 1 0 _aRevoluções na América Latina Contemporânea
_lpor
245 1 0 _aRevoluções na América Latina Contemporânea
300 _a48
362 0 _a2000
440 1 _aSaraiva
697 _aHISTÓRIA
942 _cBK
999 _c154721
_d154721